000 00702nam a2200217 a 4500
001 000029915
005 20260312134858.0
008 110427s2000 dr 000 0 spa d
040 _aDO-SdBNP
_bspa
_cBNPHU
082 _a177
_bH831m,1995
100 1 _aHostos, Eugenio María de,
_d1839-1903
_91352
245 1 0 _aMoral social :
_b(fragmentos) /
_cEugenio María de Hostos.
250 _a2a ed.
260 _aSanto Domingo :
_bUCE,
_c2000.
300 _a[112] p. ;
_c21 cm.
490 _aAntología de nuestra voz
_v52
650 0 _aÉtica social
_91353
710 1 _aUniversidad Central del Este
_937229
830 0 _aAntología de nuestra voz
_n52
_956655
910 _aValidado. Control de calidad MFF
999 _c29407
_d29407